000 00705nam a2200229 a 4500
001 BRCA_4313
005 20190320204626.0
008 250610s1949----nyua######---#000-0#eng-#
041 _aeng
044 _anyu
050 4 _aN856
_b.S49 1949
100 1 _aSeymour, Charles
_d1885-1963
_911066
245 1 0 _aMasterpieces of Sculpture from the National Gallery of Art
_cCharles Seymour.
260 _aNueva York
_bCoward-McCann
_c1949
300 _a184 p.
_bil., 141 láminas
_c31 cm.
500 _aCEF109
610 2 4 _aNational Gallery of Art (Estados Unidos)
_911067
650 1 4 _aEscultura
_vExposiciones
_911068
650 1 4 _aGalerías y museos
_zEstados Unidos
_97437
902 _aGFM
942 _2lcc
_cB
999 _c4024
_d4024